000 01425cam a22001934a 4500
005 20250605164018.0
008 250528s ||||||||||||||||||||||||d
035 _a16246
020 _a80197914
040 _aGR-AtMCL
_bgre
_dGR-AtMCL
_eAACR2
245 1 _aResearch and American Industrial Development / A Bicentennial Look at the Contributions of Applied R and D
260 _bPergamon Press,
_c1976
300 _a476
520 _aThis book has been written for the purpose of relating the influence R&D has had on the phenomenal transformation of a British colony into a world power in the span of 200 years. Foreword, Preface, Acknowledgements, Prologue, Roots of Industrial Research, Stimulating Applied Research in the United States, The Endowed Research Institutes - Mellon and Battelle, The First Non-Endowed Research Institute, The World War Years (1940-1945) and New Institutes, Growth of the Nine Independents, Explosive Growth of Applied Research Institutes, Growth of the Nine Independents, Explosive Growth of Applied Research Institutes, The Fresh Approach, Technology as a Commodity in International Trade, The Research Institutes Abroad, The Federal Government's Role in Research Support, In Retrospect and a Projection of the Future, Appendix, Supplement: ''Highlights of 50 years in R&D Management, Index.
700 1 _aVagtborg Harold
_92328
942 _cBK
999 _c1765
_d1765